000 00539nam a2200205Ia 4500
008 191130s2009##################000#0#eng##
020 _a9780007327164
040 _aACL
_cACL
082 _a599.773092 ELL
100 _aEllis, Shaun
245 _aThe man who lives with wolves
_cShaun Ellis
250 _a1st ed
260 _aNew York
_bHarperCollins
_c2009
300 _axiv, 268 p. : ill
500 _aIncludes index
650 _aBiography
990 _a90553258ac10000c59e4be67a484b8b8
991 _a203345
999 _c409819
_d409819